| 000 | 02241nam0a2200397 4500 | ||
|---|---|---|---|
| 001 | RU\NLR\bibl\99611 | ||
| 005 | 20260405174059.0 | ||
| 010 |
_a5-230-10590-9 _9150 |
||
| 021 |
_aRU _b2000-17349 _9828 |
||
| 035 | _a(NLR Aleph) 000097388 | ||
| 090 |
_a548670 _c548670 |
||
| 100 | _a20000721d2000 |||y0rusy50 ca | ||
| 101 | 0 | _arus | |
| 102 | _aRU | ||
| 105 | _aa ||||||||| | ||
| 200 | 1 |
_aСады и парки. История, биология, охрана _eУчеб. пособие _fЕ.В. Шорохова, О.В. Гаврилова, Л.В. Заблоцкая и др. _g[Отв. ред. д.б.н. В.А. Соловьев] _gМ-во образования Рос. Федерации, С.-Петерб. гос. лесотехн. акад. |
|
| 210 |
_aСПб. _cСПбЛТА _d2000 |
||
| 215 |
_a78,[1] с. _cил. _d20 |
||
| 320 | _aБиблиогр. в конце гл. и параграфов | ||
| 606 | 0 |
_aСадово-парковая архитектура _jРуководства, пособия и т.п. _xИстория _91569538 _3RU\NLR\auth\66987248 |
|
| 606 | 0 |
_aСадово-парковая архитектура _jУчебные издания _xИстория _91569538 _3RU\NLR\auth\66987248 |
|
| 606 | 0 |
_aСадово-парковое хозяйство _jРуководства, пособия и т.п. _92158050 _3RU\NLR\auth\661298990 |
|
| 606 | 0 |
_aСадово-парковое хозяйство _jУчебные издания _92158050 _3RU\NLR\auth\661298990 |
|
| 686 | _aЩ113(0)-487я7 | ||
| 686 | _aП273я73 | ||
| 701 | 1 |
_aШорохова _bЕ. В. _gЕкатерина Владимировна _4070 |
|
| 701 | 1 |
_4070 _8rus _7ca _aГаврилова _bО. В. _cканд. биол. наук _gОльга Владимировна _3RU\NLR\auth\7745806 _928741 |
|
| 701 | 1 |
_aЗаблоцкая _bЛ. В. _gЛариса Васильевна _4070 |
|
| 702 | 1 |
_4340 _8rus _7ca _aСоловьев _bВ. А. _cд-р биол. наук _f1935- _gВиктор Александрович _3RU\NLR\auth\7775382 _958310 |
|
| 801 | 0 |
_aRU _bNLR _c20000721 _gPSBO |
|
| 801 | 1 |
_aRU _bNLR _c20000721 |
|
| 830 | _aАвт. раскрыт по кн. | ||
| 852 |
_aNLR _j2000-4/3404 |
||
| 942 | _cBOOK | ||
| 980 | _aNB | ||